000 00470nam a22001577a 4500
999 _c18383
_d18383
008 200729b xxu||||| |||| 00| 0 eng d
020 _a1119165354
050 _aHD69
_b.P75K47 2017 c.1
100 _aKerzner, Harold
245 _aProject Management
_bA systems approach to planning, scheduling and controlling
_cHarold, Kerzner
250 _a12th ed.
260 _aHoboken
_bWiley
_c2017
300 _axxiii, 814p.
650 _aProject management
942 _2lcc
_cBK